A carregar...
Intercultural communication : a reader
| Autor principal: | |
|---|---|
| Formato: | Printed Book |
| Publicado em: |
Wadsworth Cengage Learning
2012
|
| LEADER | 00359nam a2200109 4500 | ||
|---|---|---|---|
| 082 | |||
| 100 | |a Larry A Samovar & Others | ||
| 245 | |a Intercultural communication : a reader |c Larry A Samovar & Others | ||
| 260 | |a Wadsworth Cengage Learning |c 2012 | ||
| 942 | |c BK | ||
| 999 | |c 198790 |d 198790 | ||
| 952 | |0 0 |1 0 |4 0 |7 0 |9 212139 |a DCI |b DCI |d 2019-10-29 |l 0 |p DCI5523 |r 2019-10-29 |w 2019-10-29 |y BK | ||